Gedebak! Gedebur! : Bagaimanakah kita melompat?

Bibliographic Details
Main Author: Lobb, Janice
Corporate Author: Title
Format: Book
Published: Selangor : Dewan Bahasa dan Pustaka , 2005
Series:Mendekati sains
Subjects:

MARC

LEADER 00000cam a2200000 7i4500
001 0000007395
005 20151222.0
008 070830
020 |a 983628110X 
090 0 0 |a JF   |b SC MAL (7708) 
100 1 |a Lobb, Janice 
245 1 0 |a Gedebak! Gedebur! :   |b Bagaimanakah kita melompat?   |c Janice Lobb 
260 |a Selangor :   |b Dewan Bahasa dan Pustaka ,   |c 2005 
440 0 |a Mendekati sains 
500 |a Children ages 7-9 years old (orange) 
650 0 |a Human Physiology   |x Juvenile literature 
710 0 |a Title 
999 |a 0000983877   |b Book   |c Children Collection   |e Perbadanan Perpustakaan Awam Johor 
999 |a 0000983878   |b Book   |c Children Collection   |e Perbadanan Perpustakaan Awam Johor